Les pays les plus consommateurs de vin en volume - Statistiques

Statistiques générales
  • Ce quiz a été pris 112 fois
  • Le résultat moyen est 13 sur 15
Statistiques - réponses
top 15 Pays % Correct
1 Etats - unis
100%
2 France
100%
6 Espagne
99%
3 Italie
99%
9 Chine
94%
5 Royaume uni
94%
12 canada
92%
10 portugal
92%
4 Allemagne
89%
7 Russie
88%
14 Brésil
84%
11 Australie
78%
8 argentine
72%
15 Pays - Bas
61%
13 Afrique du sud
42%
Aucun quiz correspondant
Distribution des résultats
% des personnes avec chaque résultat
Percentile par nombre de réponses
Votre historique - résultats
Vous n’avez pas pris ce quiz